Bodies of Water - Statistics

General Stats
  • This quiz has been taken 10 times
  • The average score is 16 of 20
Answer Stats
Name Type % Correct
6) Suez, Panama, Erie Canal
100%
8) Hoover, Aswan, 3 Gorges Dam
100%
19) Angel, Niagara, Victoria Falls
100%
4) Persian, Mexico, Guinea Gulf
100%
12) Victoria, Tahoe, Como Lake
100%
17) Ness, Lomond Loch
100%
9) Pacific, Indian, Arctic Ocean
100%
5) Amazon, Nile, Indus River
100%
7) Arabian, North, Caribbean Sea
100%
2) Hudson, Cape Cod, Chesapeake Bay
89%
14) English, Mozambique Channel
89%
3) Malacca, Gibraltar, Davis Strait
89%
13) Okavango, Mississippi Delta
67%
20) Geirangerfjord, Ilulissat Fjord
67%
1) Puget, Long Island, Milford Sound
67%
11) Great Australian Bight
56%
10) Drake, Northwest Passage
56%
15) Sydney, New York Harbor
33%
16) Jupiter, Haulover Inlet
33%
18) Mead, Kariba Reservoir
33%
No matching quizzes found
Score Distribution
Percent of People with Each Score
Percentile by Number Answered
Your Score History
You have not taken this quiz